000 00666nam a22002537a 4500
003 UA-OsUOA
001 24211
007 ta
008 20040211b un ||||| |||| 00| 0 ukr d
100 _aКарпов В.В.
090 _a327(100)(042.4)
_bК18
942 _cBK
040 _aUA-OsUOA
_brus
_cUA-OsUOA
_dUA-OsUOA
245 _aГеополитика
_bКонспект лекций
300 _a48 с.
955 _a0
041 _arus
080 _a327(100)(042.4)
020 _a5-8016-0147-3
260 _aСанкт-Петербург
_bИздательство Михайлова В.А.
_c1999
044 _aRU
650 7 _2UDC
999 _c310476
_d310476